Slovensko-maďarský frazeologický slovník

Salvato in:
Dettagli Bibliografici
Autore principale: Smiešková, Elena
Altri autori: Simová, Eva
Natura: Libro
Lingua:slovacco
ungherese
Pubblicazione: Bratislava Slovenské pedagogické nakladateľstvo 1984
Edizione:2. vyd.
Tags: Aggiungi Tag
Nessun Tag, puoi essere il primo ad aggiungerne!!

MARC

LEADER 00000nam a2200000 4500
001 c114287
005 20150325110616.4
041 0 |a slo 
041 0 |a hun 
044 |a SK 
245 1 0 |a Slovensko-maďarský frazeologický slovník  |c Elena Smiešková, Eva Simová 
250 |a 2. vyd. 
264 1 |a Bratislava  |b Slovenské pedagogické nakladateľstvo  |c 1984 
300 |a 144 s. 
100 1 |a Smiešková, Elena 
700 1 |a Simová, Eva